00642nam a22001937a 450000500170000001000130001702000260003003500210005603700290007703700190010608200080012510000250013324500820015826000460024027000640028630000320035050000490038270000170043120180630164414.0 aB-444788 a9780195613797c285.00 aB-444788,B-90364 bOxford University Press  bAllied Pub/Ven a301 aHaralambos, Michael  aSociology themes and persepectives /cby Michael Haralambos with Robin Heald  aNew Delhi bOxford University Pressc2011 aYMCA Library Building, Jai Singh Road, bNew Delhi e110001 axiv, 594p. p. c24cm (pbk)  aIncludes bibliographical references & index  aHeald, Robin